Fractured Anime Titles - Statistics

General Stats
  • This quiz has been taken 107 times
  • The average score is 10 of 20
Answer Stats
Hint Answer % Correct
tour adore a ToraDora
89%
gnaw root owe Naruto
87%
high queue Haikyu!!
84%
four roots basque it Fruits Basket
81%
air raised ERASED
80%
bee sit arts Beastars
60%
oar inch Orange
59%
goal dent I'm Golden Time
58%
so lead her Soul Eater
57%
Boone ghost raid ox Bungo Stray Dogs
48%
moo shook utensil Mushoku Tensei
46%
real I've ReLIFE
43%
one drag pry your it tea WONDER EGG PRIORITY
39%
goes tenth dash hell Ghost in the Shell
36%
buck and know Baccano!
33%
wren tag Earl van Rent-a-Girlfriend
31%
they were in red son ants Terror in Resonance
29%
air GoPro egg see Ergo Proxy
28%
keys knife four Kiznaiver
23%
gore ape read end her Great Pretender
22%
No matching quizzes found
Score Distribution
Percent of People with Each Score
Percentile by Number Answered
Your Score History
You have not taken this quiz